Polskie miasta z satelity #2 - Statystyki

Ogólne statystyki
  • Ten quiz został rozwiązany 47 razy
  • Średni wynik to 6 z 16
Statystyki odpowiedzi
Obrazkowy Odpowiedź % Poprawnych
Gdynia
95%
Sopot
93%
Szczecin
85%
Toruń
65%
Rzeszów
43%
Katowice
35%
Lublin
35%
Gliwice
33%
Zielona Góra
33%
Wałbrzych
30%
Konin
23%
Radom
23%
Suwałki
18%
Ostrołęka
15%
Głogów
13%
Rybnik
13%
Nie znaleziono quizów pasujących do podanych kryteriów
Rozkład punktacji
Procent ludzi z każdym wynikiem
Percentyl według liczby udzielonych odpowiedzi
Twoja historia wyników
Nie rozwiązałeś tego quizu